Statistics for Timeline of Historical People

Click here to take the quiz!

General Stats

  • This quiz has been taken 96 times
  • The average score is 8 of 20

Answers on the Map

Answers color-coded by a green-red scale on the quiz's map according to % correct below.
 

Answer Stats

Answer% Correct
Charlemagne
57%
Albert Einstein
53%
Gengis Khan
53%
Hammurabi
53%
Julius Caesar
53%
Joan of Arc
51%
Cleopatra
49%
Leonardo Da Vinci
45%
Johannes Gutemberg
41%
Socrates
39%
Isaac Newton
37%
Napoleon Bonaparte
37%
William Shakespeare
37%
Mahatma Gandhi
35%
Alexander the Great
33%
Catherine the Great
31%
Leonidas I
31%
Qi Shi Huang
31%
Saladin
31%
Charles Darwin
29%

Score Distribution

Percentile by Number Answered

Percent of People with Each Score

Your Score History

You have not taken this quiz